000 00546nam a2200193Ii 4500
003 JO-AjNU
008 230605s9999||||xx |||||||||||||| ||und||
040 _aJO-AjNU
_bara
_erda
_cJO-AjNU
041 _aara
050 1 4 _aPJ7850.U83.A17 1938
100 3 _aتأليف الخالد،مطلق عبد,
_eauthor
_934507
245 0 0 _aالرحيل
264 3 1 _aد.ن
300 _a255ص
336 _atext
_btxt
_2rdacontent
337 _aunmediated
_bn
_2rdamedia
338 _avolume
_bnc
_2rdacarrier
650 4 _aالأدب العربي
_934508
999 _aA14156
_c17724
_d17724